Levels - Avicii - All Lyrics - Statistics

General Stats
  • This quiz has been taken 173 times
  • The average score is 47 of 54
Answer Stats
Answer % Correct
I
99%
I
99%
I
99%
I
99%
I
99%
I
99%
a
98%
a
98%
a
98%
a
98%
a
98%
a
98%
Oh,
96%
Oh,
96%
feeling,
94%
feeling
94%
feeling,
94%
feeling,
94%
feeling
94%
feeling,
94%
sometimes
94%
sometimes
94%
good
87%
good
87%
good
87%
good
87%
yeah
87%
yeah
87%
yeah
87%
yeah
87%
get
85%
Get
85%
get
85%
get
85%
Get
85%
get
85%
never,
84%
never,
84%
never,
84%
never
84%
never,
84%
never,
84%
never,
84%
never
84%
that
81%
that
81%
no
68%
no
68%
no
68%
no
68%
had
67%
had
67%
before,
66%
before,
66%
No matching quizzes found
Score Distribution
Percent of People with Each Score
Percentile by Number Answered
Your Score History
You have not taken this quiz